000 00868nam a2200229Ia 4500
003 GCL
008 140319s9999 xx 000 0 ara d
020 _a2213314977
040 _aGCL /
_cGCL
082 0 4 _a371.334
_bم ك
100 1 _aمنصور احمد عبدالمنعم
245 1 0 _aالكومبيوتر والوسائط المتعددة فى المدارس /
_cمنصور احمد عبدالمنعم
260 _aالقاهرة :
_bمكتبة زهراء الشرق ،
_c2004
300 _a118 ص ؛
_c28 سم
490 _aسلسلة تكنولوجيا التعليم
_v0
650 0 4 _aالتعليم
650 0 4 _aالوسائل التعليمية
650 0 4 _aالتعليم - وسائل سمعية و بصرية
650 0 4 _aالتعليم - برامج
650 0 4 _aالتعليم بالحاسبات الالكترونية
942 _2ddc
_cBK
999 _c50892
_d50892